Logo Biblioteca

Construcción de ciudadanía I : (Registro nro. 91)

Detalles MARC
000 -LEADER
fixed length control field 01073nam a22002177a 4500
003 - CONTROL NUMBER IDENTIFIER
control field OSt
005 - DATE AND TIME OF LATEST TRANSACTION
control field 20250227113124.0
008 - FIXED-LENGTH DATA ELEMENTS--GENERAL INFORMATION
fixed length control field 230929s2017 ag ||||| |||| 00| 0 spa d
020 ## - INTERNATIONAL STANDARD BOOK NUMBER
International Standard Book Number 9789873615306
040 ## - CATALOGING SOURCE
Transcribing agency besoc
245 10 - TITLE STATEMENT
Title Construcción de ciudadanía I :
Remainder of title ambiente, salud y recreación con practicas políticas inclusivas /
Statement of responsibility, etc. Teresa Eggers ... [et al.]
260 ## - PUBLICATION, DISTRIBUTION, ETC.
Place of publication, distribution, etc. Buenos Aires :
Name of publisher, distributor, etc. Maipue,
Date of publication, distribution, etc. 2016
300 ## - PHYSICAL DESCRIPTION
Extent 136 p.
505 1# - FORMATTED CONTENTS NOTE
Formatted contents note Cap. 1. Elaboración de proyectos. Ser ciudadano -- Cap. 2. Estado y política. ¿Qué significa ser ciudadanos? -- Cap. 3. Ambiente. ¿Qué es el ambiente? --Cap. 4. Salud, alimentación y drogas -- Cap. 5. Comienza el juego: pensar la ciudadanía desde el deporte y la creación. Pitazo inicial... -- Anexo: Constitución de la Provincia de Buenos Aires -- Bibliografía.-
650 #4 - SUBJECT ADDED ENTRY--TOPICAL TERM
Topical term or geographic name entry element Estado
General subdivision Gobierno
-- Participación
-- Ambiente
-- Territorio
700 1# - ADDED ENTRY--PERSONAL NAME
Personal name Eggers-Brass, Teresa
Relator term autor
700 1# - ADDED ENTRY--PERSONAL NAME
Personal name Torre, Gustavo H.
Relator term autor
700 1# - ADDED ENTRY--PERSONAL NAME
Personal name Alonso, Pablo J.
Dates associated with a name autor
700 1# - ADDED ENTRY--PERSONAL NAME
Personal name Carabetta, Silvia M.
Relator term autor
942 ## - ADDED ENTRY ELEMENTS (KOHA)
Source of classification or shelving scheme Universal Decimal Classification
Koha item type Libro de préstamo a domicilio
Suppress in OPAC No
Existencias
Withdrawn status Lost status Source of classification or shelving scheme Damaged status Not for loan Collection Home library Current library Date acquired Total checkouts Full call number Barcode Date last seen Price effective from Koha item type
    Universal Decimal Classification     Colección General Biblioteca Escuela de Ciencias Sociales Biblioteca Escuela de Ciencias Sociales 27/02/2025   32 C758 000791 27/02/2025 27/02/2025 Libro de préstamo a domicilio
Biblioteca de la Escuela Preuniversitaria en Ciencias Sociales y Humanísticas.
Riobamba 250 bis.
CP 2000 - Rosario - Santa Fe
E-Mail: biblioteca@esociales.unr.edu.ar